U.S. States with the Most Wingstop Locations - Statistics

General Stats
  • This quiz has been taken 80 times
  • The average score is 8 of 10
Answer Stats
# State % Correct
410 California
95%
140 Florida
95%
458 Texas
95%
65 New York
90%
68 Georgia
81%
128 Illinois
69%
62 Ohio
69%
55 Arizona
62%
53 North Carolina
60%
50 Colorado
45%
No matching quizzes found
Score Distribution
Percent of People with Each Score
Percentile by Number Answered
Your Score History
You have not taken this quiz